Escuela para padres. tomo 2 /
Guardado en:
| Autor Principal: | |
|---|---|
| Formato: | Libro |
| Publicado: |
Argentina :
Campano,
1964
|
| Edición: | 7a. ed. |
| Materias: | |
| Etiquetas: |
Agregar Etiqueta
Sin Etiquetas, Sea el primero en etiquetar este registro!
|
| LEADER | 00781nam a22002295a 4500 | ||
|---|---|---|---|
| 001 | CEM.cems002885 | ||
| 005 | 19000101000000.0 | ||
| 008 | 130507s1964##################000#0#####d | ||
| 003 | CEMS | ||
| 082 | 0 | 4 | |a 136.7 |
| 100 | 1 | |a Giberti, Eva | |
| 245 | 1 | 0 | |a Escuela para padres. tomo 2 / |c Eva Giberti |
| 250 | |a 7a. ed. | ||
| 260 | |a Argentina : |b Campano, |c 1964 | ||
| 300 | |a 319 p. | ||
| 505 | 0 | |a La escuela;la vocacion;los grupos peligrosos; las vacaciones; el cine, la television; formas de la convivencia; la pubertad; la adolescencia. | |
| 653 | |a Educacion sexual-niños | ||
| 653 | |a Familia-psicologia | ||
| 653 | |a Niños-educacion sexual | ||
| 653 | |a Padres-psicologia para | ||
| 653 | |a Psicologia del niño | ||
| 859 | |a CEMS |b BIB. CEMS - 11 de abril |h 136.7 |i G355a7/2 |p 10764.81 |t Ej.1 | ||
